|
|
|
|
| LEADER |
01529nam a22003617i 4500 |
| 001 |
30785 |
| 005 |
20160106181214.0 |
| 008 |
150520s2015 caua 001 0 eng d |
| 010 |
|
|
|a 2014469190
|
| 020 |
|
|
|a 9780133930153
|
| 020 |
|
|
|a 0133930157
|
| 035 |
|
|
|a (OCoLC)ocn891852174
|
| 040 |
|
|
|a YDXCP
|b eng
|c YDXCP
|e rda
|d CDX
|d OCLCQ
|d BTCTA
|d BDX
|d OCLCF
|d DLC
|
| 042 |
|
|
|a lccopycat
|
| 050 |
0 |
0 |
|a QA76.625
|b .D545 2015
|
| 082 |
0 |
4 |
|a 006.76
|2 23
|
| 100 |
1 |
|
|a Dickey, Jeff,
|e author.
|9 15533
|
| 245 |
1 |
0 |
|a Write modern web apps with the MEAN stack :
|b Mongo, Express, AngularJS, and Node.js /
|c Jeff Dickey.
|
| 260 |
|
|
|a United States of America :
|b Peachpit Press,
|c 2015.
|
| 300 |
|
|
|a xi, 246 pages :
|b illustrations ;
|c 23 cm.
|
| 490 |
1 |
|
|a Develop and Design
|
| 500 |
|
|
|a Includes index.
|
| 541 |
|
|
|e 30785, 30786
|
| 650 |
|
0 |
|a Web applications.
|9 15534
|
| 650 |
|
0 |
|a Internet programming.
|9 15535
|
| 650 |
|
7 |
|a Internet programming.
|2 fast
|9 15535
|
| 650 |
|
7 |
|a Web applications.
|2 fast
|9 15534
|
| 830 |
|
0 |
|a Develop and design.
|9 15536
|
| 852 |
|
|
|a Ayesha Abed Library
|c General Stacks
|
| 942 |
|
|
|2 ddc
|c BK
|
| 999 |
|
|
|c 35830
|d 35830
|
| 952 |
|
|
|0 0
|1 0
|2 ddc
|4 0
|6 006_760000000000000_DIC
|7 0
|9 57450
|a BRACUL
|b BRACUL
|c GEN
|d 2015-12-31
|e Karim International
|g 2990.00
|l 7
|m 73
|o 006.76 DIC
|p 3010030785
|r 2024-09-02
|s 2024-06-03
|t 1
|w 2015-12-31
|y BK
|
| 952 |
|
|
|0 0
|1 0
|2 ddc
|4 0
|6 006_760000000000000_DIC
|7 0
|9 57451
|a BRACUL
|b BRACUL
|c GEN
|d 2015-12-31
|e Karim International
|g 2990.00
|l 7
|m 45
|o 006.76 DIC
|p 3010030786
|r 2022-11-02
|s 2022-10-08
|t 2
|w 2015-12-31
|y BK
|